Fundamentos de fisiología vegetal / (Record no. 106610)
[ view plain ]
| 000 -CABECERA | |
|---|---|
| campo de control de longitud fija | 00921nam a2200325 a 4500 |
| 001 - NÚMERO DE CONTROL | |
| campo de control | 000110148 |
| 003 - IDENTIFICADOR DEL NÚMERO DE CONTROL | |
| campo de control | CHAP |
| 005 - FECHA Y HORA DE LA ÚLTIMA TRANSACCIÓN | |
| campo de control | 20230525092709.0 |
| 008 - DATOS DE LONGITUD FIJA--INFORMACIÓN GENERAL | |
| campo de control de longitud fija | 140728s2008 mx | |r| |||1|||spa|d |
| 010 ## - NÚMERO DE CONTROL DE LA BIBLIOTECA DEL CONGRESO | |
| Número de control de LC | 106610 |
| 011 ## - ENLACE DEL NUMERO DE CONTROL DE LA BIBLIOTECA DEL CONGRESO [OBSOLETO] | |
| Número de control de LC | 107582 |
| 020 ## - NÚMERO INTERNACIONAL ESTÁNDAR DEL LIBRO | |
| Número Internacional Estándar del Libro | 9788448151683 |
| 035 ## - NÚMERO DE CONTROL DEL SISTEMA | |
| Número de control de sistema | 107269 |
| 040 ## - FUENTE DE LA CATALOGACIÓN | |
| Centro/agencia transcriptor | CHAP |
| 082 04 - NÚMERO DE LA CLASIFICACIÓN DECIMAL DEWEY | |
| Número de clasificación | 581.1 |
| Número de documento/Ítem | A9 2008 |
| 100 00 - ENTRADA PRINCIPAL--NOMBRE DE PERSONA | |
| Nombre de persona | Azcón-Bieto, Joaquin. |
| 9 (RLIN) | 9103 |
| 245 10 - MENCIÓN DE TÍTULO | |
| Título | Fundamentos de fisiología vegetal / |
| Mención de responsabilidad, etc. | /por Joaquín Azcón-Bieto y Manuel Talón. |
| 250 ## - MENCIÓN DE EDICIÓN | |
| Mención de edición | 2 ed. |
| 260 3# - PUBLICACIÓN, DISTRIBUCIÓN, ETC. | |
| Lugar de publicación, distribución, etc. | Madrid : |
| Nombre del editor, distribuidor, etc. | McGraw-Hill, |
| Fecha de publicación, distribución, etc. | 2008. |
| 300 ## - DESCRIPCIÓN FÍSICA | |
| Extensión | 651 p. : |
| Otras características físicas | il. |
| 590 ## - NOTA LOCAL (RLIN) | |
| Nota local | BATCH-UPD |
| Procedencia (VM) [OBSOLETO] | 10 |
| Condición del los carretes individuales (VM) [OBSOLETO] | 20180720 |
| -- | UCH01 |
| -- | 1440 |
| 590 ## - NOTA LOCAL (RLIN) | |
| Nota local | E11695DGD |
| Procedencia (VM) [OBSOLETO] | 10 |
| Condición del los carretes individuales (VM) [OBSOLETO] | 20140925 |
| -- | UCH01 |
| -- | 1346 |
| 590 ## - NOTA LOCAL (RLIN) | |
| Nota local | E792CSJ |
| Procedencia (VM) [OBSOLETO] | 05 |
| Condición del los carretes individuales (VM) [OBSOLETO] | 20140728 |
| -- | UCH01 |
| -- | 0853 |
| 590 ## - NOTA LOCAL (RLIN) | |
| Nota local | E792CSJ |
| Procedencia (VM) [OBSOLETO] | 05 |
| Condición del los carretes individuales (VM) [OBSOLETO] | 20140728 |
| -- | UCH01 |
| -- | 0942 |
| 650 14 - PUNTO DE ACCESO ADICIONAL DE MATERIA--TÉRMINO DE MATERIA | |
| Término de materia o nombre geográfico como elemento de entrada | Fisiología vegetal. |
| 9 (RLIN) | 41136 |
| 700 0# - PUNTO DE ACCESO ADICIONAL--NOMBRE DE PERSONA | |
| Nombre de persona | Talón, Manuel. |
| 9 (RLIN) | 111497 |
| 901 ## - ELEMENTOS DE DATOS A LOCAL LDA (RLIN) | |
| a | BK |
| 942 ## - ELEMENTOS DE PUNTO DE ACCESO ADICIONAL (KOHA) | |
| Tipo de ítem Koha | Libro |
| 942 ## - ELEMENTOS DE PUNTO DE ACCESO ADICIONAL (KOHA) | |
| Suprimir en OPAC | 0 |
| Estado de retiro | Estado de pérdida | Fuente del sistema de clasificación o colocación | Estado dañado | Restricciones de uso | No para préstamo | Código de colección | Localización permanente | Ubicación/localización actual | Ubicación en estantería | Fecha de adquisición | Total de préstamos | Renovaciones totales | Signatura topográfica completa | Código de barras | Fecha visto por última vez | Fecha del último préstamo | Precio válido a partir de | Tipo de ítem Koha | Número de copia |
|---|---|---|---|---|---|---|---|---|---|---|---|---|---|---|---|---|---|---|---|
| Dewey Decimal Classification | Préstamo 15 días | General | Biblioteca Central | Biblioteca Central | Planta alta - Colección General | 28/07/2014 | 24 | 22 | 581 A9 2008 | 33724002565207 | 10/12/2025 | 25/11/2025 | 31/12/2019 | Libro | |||||
| Dewey Decimal Classification | General | Zootecnia | Zootecnia | 20/09/2011 | 4 | z_0422 | 27/02/2025 | 27/02/2025 | 18/01/2022 | Libro | 1 | ||||||||
| Dewey Decimal Classification | General | Zootecnia | Zootecnia | 20/09/2011 | 2 | z_0423 | 29/04/2025 | 29/04/2025 | 18/01/2022 | Libro | 2 | ||||||||
| Dewey Decimal Classification | General | Zootecnia | Zootecnia | 13/12/2012 | 2 | z_6021 | 08/06/2023 | 30/05/2023 | 18/01/2022 | Libro | 3 | ||||||||
| Dewey Decimal Classification | General | Zootecnia | Zootecnia | 13/12/2012 | 8 | 7 | z_6022 | 06/02/2026 | 02/02/2026 | 18/01/2022 | Libro | 4 | |||||||
| Dewey Decimal Classification | General | Zootecnia | Zootecnia | 13/12/2012 | 2 | z_6023 | 29/03/2023 | 28/03/2023 | 18/01/2022 | Libro | 5 |
